| 000 | 00487nam a2200181Ia 4500 | ||
|---|---|---|---|
| 008 | 130318s9999 xx 000 0 und d | ||
| 020 | _a9789380501864 | ||
| 082 | _a006.312 WIT/D | ||
| 100 | _aWitten, Ian H | ||
| 245 | _aData mining:Practical machine learning tools and techniques | ||
| 250 | _a3 | ||
| 260 |
_bElsevier _aNew Delhi _c2011 |
||
| 300 | _a629 | ||
| 650 | _aDATA REPRESENTATIONS | ||
| 650 | _aKNOWLEDGE REPRESENTATION | ||
| 700 | _aFrank, Eibe | ||
| 700 | _aHall, Mark A | ||
| 999 |
_c2355 _d2355 |
||